[Event "Junior Online 4NCL Division 3"]
[Site "online"]
[Date "2021.04.01"]
[EventDate "2021.04.01"]
[Round "6.63"]
[White "Baber, Sanjit"]
[WhiteElo "1505"]
[WhiteTeam "Surrey Kings 1"]
[Black "Evans, Joseph"]
[BlackElo "995"]
[BlackTeam "Harrow Juniors E"]
[Result "1-0"]
[PlyCount "81"]

1. d4 Nf6 2. e3 e6 3. c4 d5 4. cxd5 exd5 5. Nc3 Nc6 6. Nf3 Bg4 7. Be2 Ne4 8. Nxe4 dxe4 9. Nd2 Bxe2 10. Qxe2 f5 11. Qh5+ g6 12. Qe2 Qd5 13. O-O Bb4 14. Qc4 Qxc4 15. Nxc4 O-O-O 16. a3 Ba5 17. b4 Bb6 18. Nxb6+ cxb6 19. Bb2 Rhe8 20. Rac1 h5 21. b5 Rd6 22. bxc6 bxc6 23. Rfd1 Red8 24. a4 c5 25. Ba3 Kb7 26. a5 g5 27. axb6 axb6 28. Rb1 Ka7 29. Kf1 Ka6 30. Ke2 Ka5 31. Ra1 Kb5 32. dxc5 Rxd1 33. Rxd1 Rxd1 34. Kxd1 bxc5 35. Kc2 Kc4 36. Bb2 h4 37. Bf6 f4 38. Bxg5 fxe3 39. Bxe3 Kd5 40. Kc3 c4 41. Bg5 1-0

[Event "Junior Online 4NCL Division 3"]
[Site "online"]
[Date "2021.04.01"]
[EventDate "2021.04.01"]
[Round "6.64"]
[White "Patel, Ryan"]
[WhiteElo "892"]
[WhiteTeam "Harrow Juniors E"]
[Black "Callan, Adrian"]
[BlackElo "1413"]
[BlackTeam "Surrey Kings 1"]
[Result "0-1"]
[PlyCount "44"]

1. e4 c5 2. d4 cxd4 3. c3 dxc3 4. Nxc3 Nc6 5. Nf3 e6 6. Bc4 b6 7. Qe2 a6 8. a4 Bb4 9. Bd2 Nge7 10. Na2 Bxd2+ 11. Qxd2 O-O 12. O-O Bb7 13. Rae1 Na5 14. b4 Nxc4 15. Qd3 d5 16. exd5 Qxd5 17. Qc2 Rac8 18. Nc3 Qh5 19. h3 Bxf3 20. gxf3 Na3 21. Qb2 Nc4 22. Qb3 Nd2 0-1

[Event "Junior Online 4NCL Division 3"]
[Site "online"]
[Date "2021.04.01"]
[EventDate "2021.04.01"]
[Round "6.65"]
[White "Patel, Aaron"]
[WhiteElo "1062"]
[WhiteTeam "Harrow Juniors E"]
[Black "Thompson, Alex"]
[BlackElo "1554"]
[BlackTeam "Surrey Kings 1"]
[Result "0-1"]
[PlyCount "42"]

1. e4 e6 2. d4 d5 3. e5 c5 4. c3 Nc6 5. Nf3 Bd7 6. Be2 Nge7 7. Be3 Nf5 8. O-O cxd4 9. cxd4 Qb6 10. b3 Be7 11. Nc3 O-O 12. Rc1 Rfc8 13. Qd3 Ba3 14. Rc2 Nb4 15. Qd2 Nxc2 16. Qxc2 Bb4 17. Bd2 Nxd4 18. Nxd4 Qxd4 19. Qd3 Qxd3 20. Bxd3 Bxc3 21. Bxc3 Rxc3 0-1

[Event "Junior Online 4NCL Division 3"]
[Site "online"]
[Date "2021.04.01"]
[EventDate "2021.04.01"]
[Round "6.66"]
[White "Pradhan, Ayan"]
[WhiteElo "1475"]
[WhiteTeam "Surrey Kings 1"]
[Black "Grahame, Edgar"]
[BlackElo "993"]
[BlackTeam "Harrow Juniors E"]
[Result "1-0"]
[PlyCount "89"]

1. e4 g6 2. d4 Bg7 3. Nf3 e6 4. Be2 Nf6 5. e5 Ng4 6. h3 Nh6 7. Bg5 f6 8. exf6 Bxf6 9. Bxh6 Nc6 10. c3 d5 11. Be3 O-O 12. Nbd2 b6 13. O-O Bb7 14. b4 a6 15. Qb3 a5 16. a4 axb4 17. cxb4 b5 18. axb5 Rxa1 19. Rxa1 Ne7 20. Rc1 Nf5 21. Qc2 Nxe3 22. fxe3 Qd6 23. Qxc7 Qxc7 24. Rxc7 Ba8 25. b6 Rb8 26. Ba6 Rxb6 27. Rc8+ Kf7 28. Rxa8 Rxb4 29. Ra7+ Be7 30. Ne5+ Kf6 31. Ng4+ Kf7 32. Nh6+ Kf6 33. Ng8+ Kf7 34. Nxe7 Ra4 35. Nxd5+ Ke8 36. Bb5+ Kd8 37. Bxa4 Kc8 38. Ne7+ Kb8 39. Ra5 Kc7 40. Ng8 Kb6 41. Rb5+ Ka6 42. Ne7 Ka7 43. Nc6+ Ka6 44. Nc4 e5 45. Rb6# 1-0

[Event "Junior Online 4NCL Division 3"]
[Site "online"]
[Date "2021.04.01"]
[EventDate "2021.04.01"]
[Round "6.67"]
[White "Evans, Joseph"]
[WhiteElo "995"]
[WhiteTeam "Harrow Juniors E"]
[Black "Baber, Sanjit"]
[BlackElo "1505"]
[BlackTeam "Surrey Kings 1"]
[Result "0-1"]
[PlyCount "96"]

1. c4 Nf6 2. g3 e6 3. Bg2 c5 4. e3 d5 5. cxd5 exd5 6. Ne2 Be6 7. d4 cxd4 8. Nxd4 Be7 9. Nxe6 fxe6 10. O-O O-O 11. Nc3 Nc6 12. e4 dxe4 13. Qxd8 Raxd8 14. Nxe4 Nxe4 15. Bxe4 Bf6 16. Rb1 Rc8 17. Be3 a6 18. a4 b5 19. axb5 axb5 20. Rfc1 Ne5 21. Rxc8 Rxc8 22. Bd4 Nc4 23. Bxf6 gxf6 24. Rc1 Rd8 25. b3 Nd2 26. Bc6 Nxb3 27. Rc3 Nd4 28. Bf3 Nxf3+ 29. Rxf3 Kf7 30. Kf1 Rd7 31. Ke2 Ke8 32. Rd3 Rxd3 33. Kxd3 Kf7 34. Kc3 Kg6 35. Kb4 Kg5 36. h4+ Kg4 37. Kxb5 Kf3 38. Kc6 Kxf2 39. Kd6 Kxg3 40. Kxe6 Kxh4 41. Kxf6 Kg4 42. Ke5 h5 43. Ke4 Kg3 44. Ke3 h4 45. Ke2 Kg2 46. Ke3 h3 47. Kf4 h2 48. Kg4 h1=Q 0-1

[Event "Junior Online 4NCL Division 3"]
[Site "online"]
[Date "2021.04.01"]
[EventDate "2021.04.01"]
[Round "6.68"]
[White "Callan, Adrian"]
[WhiteElo "1413"]
[WhiteTeam "Surrey Kings 1"]
[Black "Patel, Ryan"]
[BlackElo "892"]
[BlackTeam "Harrow Juniors E"]
[Result "1-0"]
[PlyCount "33"]

1. d4 d5 2. c4 c6 3. cxd5 cxd5 4. Nc3 Nf6 5. Nf3 Nc6 6. Bg5 Bf5 7. e3 e6 8. Bb5 Rc8 9. Ne5 h6 10. Bxf6 Qxf6 11. Bxc6+ bxc6 12. Qa4 Be7 13. Qxa7 O-O 14. Nd7 Ra8 15. Nxf6+ gxf6 16. Qxe7 Rae8 17. Qxf6 1-0

[Event "Junior Online 4NCL Division 3"]
[Site "online"]
[Date "2021.04.01"]
[EventDate "2021.04.01"]
[Round "6.71"]
[White "Aserkoff, Daniel"]
[WhiteElo "1534"]
[WhiteTeam "JHJ Shark Tank 2"]
[Black "Whisson, Max"]
[BlackElo "1039"]
[BlackTeam "Dundee City"]
[Result "0-1"]
[PlyCount "43"]

1. e4 b6 2. d4 Bb7 3. Nc3 Nf6 4. Bd3 e6 5. Nf3 d5 6. e5 Ne4 7. O-O c5 8. Bb5+ Nd7 9. dxc5 Nxc5 10. Re1 a6 11. Bxd7+ Nxd7 12. Nd4 Qc7 13. f4 Bc5 14. f5 Nxe5 15. fxe6 fxe6 16. Qh5+ g6 17. Qxe5 Qxe5 18. Rxe5 Bxd4+ 19. Kh1 Bxe5 20. Bg5 Bxc3 21. bxc3 O-O 22. Re1 0-1

[Event "Junior Online 4NCL Division 3"]
[Site "online"]
[Date "2021.04.01"]
[EventDate "2021.04.01"]
[Round "6.73"]
[White "Royle, Alex"]
[WhiteElo "1479"]
[WhiteTeam "JHJ Shark Tank 2"]
[Black "Dickson, Noah"]
[BlackElo "199"]
[BlackTeam "Dundee City"]
[Result "1-0"]
[PlyCount "95"]

1. e4 e5 2. Nf3 Nc6 3. Bb5 d6 4. c3 f5 5. d3 Nf6 6. Nbd2 Be7 7. O-O a6 8. Ba4 O-O 9. Re1 f4 10. Bb3+ Kh8 11. Ng5 Qe8 12. Ne6 Bxe6 13. Bxe6 Qg6 14. Bf5 Qg5 15. Nf3 Qh5 16. d4 exd4 17. cxd4 Bd8 18. Bxf4 Qe8 19. Bg3 g6 20. Bh3 Nxe4 21. Nd2 d5 22. f3 Nxd4 23. fxe4 dxe4 24. Rxe4 Qc6 25. Rxd4 Bf6 26. Rd7 Bxb2 27. Rb1 Qb6+ 28. Kh1 Rfd8 29. Nc4 Rxd7 30. Qxd7 Qf6 31. Nxb2 Rf8 32. Qd3 c5 33. Nc4 b5 34. Be5 bxc4 35. Bxf6+ Rxf6 36. Rb8+ Kg7 37. Qd7+ Kh6 38. g4 Rf2 39. Rh8 Rxa2 40. Rxh7+ Kg5 41. Qd5+ Kf4 42. Rf7+ Ke3 43. Rf3+ Ke2 44. Bf1+ Ke1 45. Qxc4 Kd1 46. Qxa2 Kc1 47. Bxa6 Kd1 48. Rf1# 1-0

[Event "Junior Online 4NCL Division 3"]
[Site "online"]
[Date "2021.04.01"]
[EventDate "2021.04.01"]
[Round "6.74"]
[White "Liu, Haoqi"]
[WhiteElo "197"]
[WhiteTeam "Dundee City"]
[Black "Tang, Brian"]
[BlackElo "1464"]
[BlackTeam "JHJ Shark Tank 2"]
[Result "0-1"]
[PlyCount "108"]

1. e4 e5 2. Nf3 Nc6 3. Nc3 Nf6 4. Bc4 Nxe4 5. Nxe4 d5 6. Bxd5 Qxd5 7. d3 Bf5 8. c4 Qd7 9. Be3 Bb4+ 10. Bd2 Bxd2+ 11. Qxd2 Bxe4 12. dxe4 Qxd2+ 13. Nxd2 Nd4 14. O-O-O O-O-O 15. Rhe1 Rhe8 16. g3 Re6 17. f4 exf4 18. gxf4 c5 19. f5 Re5 20. h4 g6 21. fxg6 hxg6 22. h5 Rxh5 23. e5 Re8 24. Ne4 Rexe5 25. Nd6+ Kc7 26. Nb5+ Nxb5 27. cxb5 c4 28. Kb1 Rd5 29. Rc1 Rc5 30. Re7+ Kd6 31. Rxf7 Rxb5 32. Rd1+ Ke6 33. Rdf1 Rhf5 34. R1xf5 gxf5 35. Rc7 f4 36. Rxc4 Rf5 37. Rc1 f3 38. Rf1 Ke5 39. Kc1 Ke4 40. Kd1 Ke3 41. Ke1 f2+ 42. Kd1 Rg5 43. b4 Rg1 44. Rxg1 fxg1=Q+ 45. Kc2 Qe1 46. Kb3 a5 47. bxa5 Qxa5 48. a4 b5 49. axb5 Qxb5+ 50. Kc3 Qc5+ 51. Kb3 Kd3 52. Ka4 Qb6 53. Ka3 Kc3 54. Ka4 Qb4# 0-1

[Event "Junior Online 4NCL Division 3"]
[Site "online"]
[Date "2021.04.01"]
[EventDate "2021.04.01"]
[Round "6.75"]
[White "Whisson, Max"]
[WhiteElo "1039"]
[WhiteTeam "Dundee City"]
[Black "Aserkoff, Daniel"]
[BlackElo "1534"]
[BlackTeam "JHJ Shark Tank 2"]
[Result "1-0"]
[PlyCount "33"]

1. b3 d5 2. e3 e5 3. Bb2 Bd6 4. f4 Qe7 5. Nf3 Bg4 6. Be2 Bxf3 7. Bxf3 c6 8. O-O Nf6 9. d4 e4 10. Be2 Nbd7 11. Nd2 Nb6 12. c4 Bb4 13. a3 Bxd2 14. Qxd2 O-O 15. cxd5 cxd5 16. a4 Rac8 17. Ba3 1-0

[Event "Junior Online 4NCL Division 3"]
[Site "online"]
[Date "2021.04.01"]
[EventDate "2021.04.01"]
[Round "6.77"]
[White "Dickson, Noah"]
[WhiteElo "199"]
[WhiteTeam "Dundee City"]
[Black "Royle, Alex"]
[BlackElo "1479"]
[BlackTeam "JHJ Shark Tank 2"]
[Result "0-1"]
[PlyCount "118"]

1. e4 c5 2. Nc3 Nc6 3. d3 g6 4. Be3 d6 5. d4 cxd4 6. Bxd4 Nxd4 7. Qxd4 Nf6 8. e5 dxe5 9. Qxe5 Bg7 10. Qb5+ Qd7 11. Qxd7+ Bxd7 12. Bc4 O-O 13. Nf3 Rac8 14. Bb3 Bf5 15. O-O-O Bg4 16. h3 Bxf3 17. gxf3 Rfd8 18. Rxd8+ Rxd8 19. Rd1 Bh6+ 20. Kb1 Rxd1+ 21. Nxd1 Nh5 22. h4 Nf4 23. Ne3 Nh3 24. Ng4 Bd2 25. Ne5 e6 26. Ba4 Nxf2 27. Be8 f6 28. Nd7 Kg7 29. Nc5 b6 30. Nxe6+ Kh6 31. Nd4 Nh3 32. Bb5 Kh5 33. Be2 Kxh4 34. Bc4 Ng5 35. Nc6 a5 36. c3 Nxf3 37. b4 Bxc3 38. bxa5 bxa5 39. a4 Nd2+ 40. Kc2 Nxc4 41. Kxc3 Nb6 42. Nxa5 Nxa4+ 43. Kd4 Kg4 44. Ke3 Kg3 45. Nc4 h5 46. Nd2 f5 47. Nf1+ Kg2 48. Nd2 h4 49. Kf4 h3 50. Nf3 h2 51. Nxh2 Kxh2 52. Kg5 Kg3 53. Kxg6 f4 54. Kg5 f3 55. Kf5 f2 56. Kg6 f1=Q 57. Kg7 Kf4 58. Kh6 Qg2 59. Kh5 Qg5# 0-1

[Event "Junior Online 4NCL Division 3"]
[Site "online"]
[Date "2021.04.01"]
[EventDate "2021.04.01"]
[Round "6.78"]
[White "Tang, Brian"]
[WhiteElo "1464"]
[WhiteTeam "JHJ Shark Tank 2"]
[Black "Liu, Haoqi"]
[BlackElo "197"]
[BlackTeam "Dundee City"]
[Result "1-0"]
[PlyCount "97"]

1. e4 e5 2. Nf3 Nc6 3. Bb5 a6 4. Ba4 b5 5. Bb3 Nf6 6. d3 Bc5 7. O-O O-O 8. Bg5 Be7 9. c3 Bb7 10. Re1 Nh5 11. Be3 Nf4 12. Bxf4 exf4 13. d4 Re8 14. Qd2 Bd6 15. e5 Be7 16. Qxf4 Rf8 17. Nbd2 Na5 18. Bc2 Nc4 19. Nxc4 bxc4 20. Qe3 d6 21. Rad1 Bd5 22. Be4 c6 23. Bxd5 cxd5 24. e6 Re8 25. exf7+ Kxf7 26. Qe6+ Kf8 27. Qxd5 Ra7 28. Qxc4 Bf6 29. Rxe8+ Qxe8 30. Re1 Re7 31. Rxe7 Qxe7 32. Qxa6 Qe4 33. h3 Qb1+ 34. Kh2 Qg6 35. Qxd6+ Be7 36. Qxg6 hxg6 37. Ne5 Bd6 38. f4 Be7 39. Nxg6+ Kf7 40. Nxe7 Kxe7 41. Kg3 Kf6 42. Kg4 Kg6 43. a4 Kf7 44. a5 Ke8 45. Kg5 Ke7 46. Kg6 Kf8 47. a6 Kg8 48. a7 Kh8 49. a8=Q# 1-0

[Event "Junior Online 4NCL Division 3"]
[Site "online"]
[Date "2021.04.01"]
[EventDate "2021.04.01"]
[Round "6.81"]
[White "Shen, Alex"]
[WhiteElo "1574"]
[WhiteTeam "MCS Tenners A"]
[Black "Manoj Kumar, Arth"]
[BlackElo "672"]
[BlackTeam "Watford Juniors D"]
[Result "1-0"]
[PlyCount "61"]

1. e4 e5 2. Nf3 Nc6 3. Bb5 d6 4. O-O Bd7 5. c3 d5 6. exd5 Nb8 7. Bxd7+ Qxd7 8. Nxe5 Qe7 9. d4 Nf6 10. Re1 Nbd7 11. Nxd7 Qxe1+ 12. Qxe1+ Kxd7 13. Bf4 Re8 14. Qd2 Ne4 15. Qd3 Nxc3 16. Nxc3 Bb4 17. Rc1 Bxc3 18. Qxc3 Rc8 19. d6 cxd6 20. Qh3+ f5 21. Qxf5+ Ke7 22. Rxc8 Rxc8 23. Qxc8 b5 24. Qc7+ Ke6 25. g4 b4 26. Qxa7 b3 27. axb3 d5 28. Qb6+ Kf7 29. Qc7+ Ke8 30. Bd6 h5 31. Qe7# 1-0

[Event "Junior Online 4NCL Division 3"]
[Site "online"]
[Date "2021.04.01"]
[EventDate "2021.04.01"]
[Round "6.82"]
[White "Taylor, Tamuka"]
[WhiteElo "622"]
[WhiteTeam "Watford Juniors D"]
[Black "Turner, Jamie"]
[BlackElo "1562"]
[BlackTeam "MCS Tenners A"]
[Result "0-1"]
[PlyCount "120"]

1. e4 c5 2. Nf3 d6 3. Bc4 e6 4. O-O a6 5. d3 b5 6. Bb3 Nc6 7. Be3 Bb7 8. Nc3 Nf6 9. Qe2 Be7 10. Bg5 h6 11. Bxf6 Bxf6 12. h3 Bxc3 13. bxc3 a5 14. c4 Ba6 15. cxb5 Bxb5 16. Bc4 Bxc4 17. dxc4 Rb8 18. c3 Qf6 19. Qd2 Ne5 20. Nxe5 Qxe5 21. Qe3 g6 22. f4 Qf6 23. e5 dxe5 24. fxe5 Qe7 25. Rad1 Qg5 26. Qxc5 a4 27. Qc6+ Kf8 28. Qxa4 Qxe5 29. Qd7 Qc5+ 30. Kh1 Qe7 31. Qc6 Kg7 32. a4 Qe8 33. Qc7 Rc8 34. Qb7 Rxc4 35. Rd7 Rf8 36. Qb5 Rxc3 37. Qe5+ Kg8 38. Qxc3 Qxd7 39. a5 f5 40. a6 Kf7 41. Qb4 Ra8 42. Qa5 Qc6 43. a7 Qd7 44. Qb6 Qxa7 45. Qd6 Qe7 46. Qc6 Rd8 47. Qc3 g5 48. Kh2 Qd6+ 49. g3 Qd2+ 50. Qxd2 Rxd2+ 51. Kg1 h5 52. Rf3 Kg6 53. Re3 Kf6 54. Kf1 Rh2 55. Kg1 Rxh3 56. Kg2 g4 57. Re2 h4 58. gxh4 Rxh4 59. Kg3 Rh3+ 60. Kf4 Rf3# 0-1

[Event "Junior Online 4NCL Division 3"]
[Site "online"]
[Date "2021.04.01"]
[EventDate "2021.04.01"]
[Round "6.83"]
[White "Kedikoglou, Elias"]
[WhiteElo "1165"]
[WhiteTeam "MCS Tenners A"]
[Black "Naren, Riya"]
[BlackElo "646"]
[BlackTeam "Watford Juniors D"]
[Result "1-0"]
[PlyCount "47"]

1. e4 e5 2. Nf3 Nf6 3. Nc3 Nc6 4. Bc4 Bc5 5. d3 d6 6. h3 Bd7 7. Bg5 d5 8. Nxd5 O-O 9. O-O Rc8 10. Bb5 Re8 11. b4 Bd6 12. a3 a6 13. Ba4 b5 14. Bb3 Rb8 15. Bh4 Rc8 16. Ng5 Rf8 17. Nxf6+ Kh8 18. Nxd7 Re8 19. Nxf7+ Kg8 20. Nxd8+ Kh8 21. Nxc6 Rg8 22. Ndxe5 Bxe5 23. Nxe5 c6 24. Nf7# 1-0

[Event "Junior Online 4NCL Division 3"]
[Site "online"]
[Date "2021.04.01"]
[EventDate "2021.04.01"]
[Round "6.85"]
[White "Manoj Kumar, Arth"]
[WhiteElo "672"]
[WhiteTeam "Watford Juniors D"]
[Black "Shen, Alex"]
[BlackElo "1574"]
[BlackTeam "MCS Tenners A"]
[Result "0-1"]
[PlyCount "100"]

1. e4 c5 2. Nf3 e6 3. Bc4 a6 4. O-O b5 5. Bb3 c4 6. Ne5 cxb3 7. Qf3 Nf6 8. cxb3 Bb7 9. Nc3 Nc6 10. d4 Nxd4 11. Qf4 Bb4 12. Bd2 Bxc3 13. Qe3 Bxd2 14. Qxd2 Nc6 15. Nxc6 Bxc6 16. Rfe1 O-O 17. Rad1 Qc7 18. e5 Nd5 19. Re4 Rac8 20. Qd3 Ne7 21. Rh4 Nf5 22. Rh3 Qxe5 23. g4 Nh6 24. f3 f5 25. gxf5 Qxf5 26. Qxf5 Nxf5 27. Rc1 g6 28. a4 bxa4 29. bxa4 Bxa4 30. Rxc8 Rxc8 31. b3 Bxb3 32. f4 a5 33. Rxb3 a4 34. Rb1 a3 35. Ra1 Ra8 36. h4 a2 37. h5 Nd4 38. hxg6 Nb3 39. Rxa2 Rxa2 40. gxh7+ Kxh7 41. f5 exf5 42. Kf1 d5 43. Ke1 d4 44. Kd1 d3 45. Ke1 d2+ 46. Kd1 Ra1+ 47. Kc2 d1=Q+ 48. Kb2 Qc1+ 49. Kxb3 Rb1+ 50. Ka2 Qb2# 0-1

[Event "Junior Online 4NCL Division 3"]
[Site "online"]
[Date "2021.04.01"]
[EventDate "2021.04.01"]
[Round "6.86"]
[White "Turner, Jamie"]
[WhiteElo "1562"]
[WhiteTeam "MCS Tenners A"]
[Black "Taylor, Tamuka"]
[BlackElo "622"]
[BlackTeam "Watford Juniors D"]
[Result "1-0"]
[PlyCount "117"]

1. d4 d5 2. c4 dxc4 3. Nc3 e6 4. e4 Nf6 5. Bxc4 Nc6 6. Nf3 Bd6 7. e5 Be7 8. exf6 Bxf6 9. Be3 O-O 10. Bb5 Qd7 11. Bxc6 Qxc6 12. Qd2 Bd7 13. O-O Qc4 14. Ne5 Bxe5 15. dxe5 Bc6 16. Qd4 Qa6 17. b4 Qa3 18. Bc1 Qa6 19. b5 Bxb5 20. Nxb5 Qxb5 21. Bf4 h6 22. Rab1 Qa6 23. a4 Rad8 24. Qb4 Rb8 25. Qb5 g5 26. Be3 Qxb5 27. axb5 f5 28. f4 gxf4 29. Bxf4 h5 30. Rbc1 a6 31. bxa6 bxa6 32. Rxc7 h4 33. Bg5 a5 34. Bxh4 Rb2 35. Ra7 Rb5 36. Bf6 f4 37. Rxf4 Rb1+ 38. Rf1 Rb5 39. Rg7+ Kh8 40. Rb7+ Kg8 41. Rxb5 a4 42. Ra5 a3 43. Rxa3 Rf7 44. Rg3+ Kf8 45. Bg7+ Ke7 46. Rxf7+ Kxf7 47. Bf6 Ke8 48. Rg8+ Kd7 49. Rd8+ Kc6 50. Rd6+ Kc5 51. Rxe6 Kd4 52. Rd6+ Ke4 53. e6 Kf5 54. e7 Kg6 55. e8=Q+ Kf5 56. Qe5+ Kg6 57. Bh4+ Kf7 58. Qf6+ Ke8 59. Qe7# 1-0

[Event "Junior Online 4NCL Division 3"]
[Site "online"]
[Date "2021.04.01"]
[EventDate "2021.04.01"]
[Round "6.87"]
[White "Naren, Riya"]
[WhiteElo "646"]
[WhiteTeam "Watford Juniors D"]
[Black "Kedikoglou, Elias"]
[BlackElo "1165"]
[BlackTeam "MCS Tenners A"]
[Result "0-1"]
[PlyCount "66"]

1. e4 e5 2. Nc3 Nf6 3. Nf3 Nc6 4. Bc4 Bc5 5. d3 h6 6. Bd2 d6 7. O-O Bg4 8. Re1 Nd4 9. Rc1 Bh5 10. Rf1 Nxf3+ 11. Kh1 Ng5 12. Rg1 Bxd1 13. Rcxd1 Ng4 14. Rgf1 Nxf2+ 15. Kg1 Nxd1+ 16. Kh1 Nf2+ 17. Kg1 Nfxe4+ 18. Kh1 Nf2+ 19. Kg1 Nxd3+ 20. Kh1 Nf2+ 21. Kg1 Nfe4+ 22. Be3 Nd2 23. Bxc5 Nxc4 24. b3 Nd2 25. Rd1 dxc5 26. Rxd2 Qd3 27. cxd3 O-O 28. Kh1 Rad8 29. Ne2 e4 30. dxe4 Rxd2 31. Ng1 Nxe4 32. Nh3 Rd1+ 33. Ng1 Nf2# 0-1

[Event "Junior Online 4NCL Division 3"]
[Site "online"]
[Date "2021.04.01"]
[EventDate "2021.04.01"]
[Round "6.91"]
[White "Anandkumar, Govind"]
[WhiteElo "1217"]
[WhiteTeam "St John's College C"]
[Black "Miles, Jacob"]
[BlackElo "777"]
[BlackTeam "Leicestershire Juniors 5"]
[Result "1-0"]
[PlyCount "87"]

1. e4 e5 2. Nf3 Nf6 3. Nxe5 d6 4. Nf3 Nxe4 5. Bc4 Bf5 6. d3 Nf6 7. Bg5 h6 8. Bh4 Qe7+ 9. Qe2 Qxe2+ 10. Kxe2 c6 11. Nc3 d5 12. Bb3 Bc5 13. Kf1 O-O 14. Bxf6 gxf6 15. h3 Bg6 16. Ne2 d4 17. Nexd4 Bxd4 18. Nxd4 Na6 19. Nf3 Nb4 20. Kg1 Rae8 21. Kh2 Na6 22. Rhf1 Nc7 23. Kg1 c5 24. Nh4 b5 25. Nxg6 a5 26. Nxf8 Rxf8 27. c4 a4 28. Bc2 bxc4 29. dxc4 a3 30. bxa3 Ne6 31. Rfe1 Re8 32. Bf5 Kf8 33. Bxe6 fxe6 34. Re3 e5 35. Rae1 Kf7 36. f4 Ke6 37. fxe5 fxe5 38. Rxe5+ Kf7 39. Rxe8 Kg6 40. a4 Kg5 41. a5 h5 42. Rd8 Kh4 43. Re4+ Kg3 44. Rd3# 1-0

[Event "Junior Online 4NCL Division 3"]
[Site "online"]
[Date "2021.04.01"]
[EventDate "2021.04.01"]
[Round "6.92"]
[White "Morris, Conor"]
[WhiteElo "598"]
[WhiteTeam "Leicestershire Juniors 5"]
[Black "Bagga, Khushi"]
[BlackElo "1189"]
[BlackTeam "St John's College C"]
[Result "0-1"]
[PlyCount "52"]

1. e4 e5 2. Qh5 Nc6 3. Bc4 Qe7 4. d3 Nf6 5. Qf3 g6 6. Bg5 Bg7 7. Bxf6 Bxf6 8. Nc3 Nd4 9. Qe3 Nxc2+ 10. Kd1 Nxe3+ 11. Ke2 Nxc4 12. Nd5 Qd6 13. Nxf6+ Qxf6 14. Rc1 Nxb2 15. Rc2 Na4 16. Rxc7 O-O 17. Nf3 d6 18. Rc4 Nc5 19. Rhc1 Bg4 20. h3 Bxf3+ 21. Ke3 Bxg2 22. Rg1 Qf3+ 23. Kd2 Qxd3+ 24. Kc1 Qxc4+ 25. Kb2 Nd3+ 26. Ka3 Qb4# 0-1

[Event "Junior Online 4NCL Division 3"]
[Site "online"]
[Date "2021.04.01"]
[EventDate "2021.04.01"]
[Round "6.93"]
[White "Pandit, Aaryan"]
[WhiteElo "1255"]
[WhiteTeam "St John's College C"]
[Black "Mehta, Zara"]
[BlackElo "619"]
[BlackTeam "Leicestershire Juniors 5"]
[Result "1-0"]
[PlyCount "53"]

1. d4 e6 2. Bf4 Nf6 3. e3 Nc6 4. Bd3 Bb4+ 5. c3 Bd6 6. Bg3 b6 7. Nf3 Bb7 8. Nbd2 O-O 9. Ne5 Bxe5 10. dxe5 Ne8 11. Qh5 g6 12. Qh6 f6 13. Bh4 Nxe5 14. Bf1 Nd6 15. O-O-O Ndc4 16. Nxc4 Ng4 17. Qf4 f5 18. Bxd8 Rfxd8 19. Ne5 Nxe5 20. Qxe5 d6 21. Qg3 d5 22. Qxc7 Bc6 23. Qxc6 Rdc8 24. Qxe6+ Kf8 25. Qf6+ Ke8 26. Bb5+ Rc6 27. Bxc6# 1-0

[Event "Junior Online 4NCL Division 3"]
[Site "online"]
[Date "2021.04.01"]
[EventDate "2021.04.01"]
[Round "6.94"]
[White "Gadhia, Sai"]
[WhiteElo "674"]
[WhiteTeam "Leicestershire Juniors 5"]
[Black "Kulkarni, Arnav"]
[BlackElo "1033"]
[BlackTeam "St John's College C"]
[Result "0-1"]
[PlyCount "24"]

1. e4 e5 2. Nf3 Nc6 3. Nc3 Nf6 4. Bb5 d5 5. exd5 Nxd5 6. Nxd5 Qxd5 7. Bxc6+ Qxc6 8. Qe2 f6 9. g4 Bxg4 10. Qc4 Qxc4 11. h3 Bxf3 12. Rh2 Qe2# 0-1

[Event "Junior Online 4NCL Division 3"]
[Site "online"]
[Date "2021.04.01"]
[EventDate "2021.04.01"]
[Round "6.95"]
[White "Miles, Jacob"]
[WhiteElo "777"]
[WhiteTeam "Leicestershire Juniors 5"]
[Black "Anandkumar, Govind"]
[BlackElo "1217"]
[BlackTeam "St John's College C"]
[Result "0-1"]
[PlyCount "34"]

1. e4 e6 2. Nf3 d5 3. exd5 exd5 4. Qe2+ Be7 5. Qd1 Nf6 6. Nc3 O-O 7. Bd3 Bg4 8. h3 Bh5 9. O-O c6 10. Be2 Nbd7 11. d4 Bd6 12. Bg5 h6 13. Bxf6 Nxf6 14. a4 Bc7 15. b4 Qd6 16. b5 Bxf3 17. Bxf3 Qh2# 0-1

[Event "Junior Online 4NCL Division 3"]
[Site "online"]
[Date "2021.04.01"]
[EventDate "2021.04.01"]
[Round "6.96"]
[White "Bagga, Khushi"]
[WhiteElo "1189"]
[WhiteTeam "St John's College C"]
[Black "Morris, Conor"]
[BlackElo "598"]
[BlackTeam "Leicestershire Juniors 5"]
[Result "1-0"]
[PlyCount "23"]

1. e4 e5 2. Nf3 Nc6 3. Nc3 Nf6 4. d4 d5 5. dxe5 Nxe4 6. Nxd5 Be6 7. Nc3 Bb4 8. Bd2 g5 9. Nxe4 O-O 10. Nfxg5 Nxe5 11. Qh5 Bg4 12. Qxh7# 1-0

[Event "Junior Online 4NCL Division 3"]
[Site "online"]
[Date "2021.04.01"]
[EventDate "2021.04.01"]
[Round "6.97"]
[White "Mehta, Zara"]
[WhiteElo "619"]
[WhiteTeam "Leicestershire Juniors 5"]
[Black "Pandit, Aaryan"]
[BlackElo "1255"]
[BlackTeam "St John's College C"]
[Result "1-0"]
[PlyCount "69"]

1. d4 Nf6 2. Bf4 e6 3. e3 d5 4. Nf3 Nc6 5. Nbd2 Bd7 6. c3 Bd6 7. Bxd6 cxd6 8. Bb5 e5 9. dxe5 dxe5 10. Nxe5 Nxe5 11. Bxd7+ Qxd7 12. O-O h5 13. f4 Nd3 14. Rb1 Ne4 15. Nxe4 dxe4 16. f5 g5 17. g4 hxg4 18. Qxg4 f6 19. Rbd1 Qh7 20. Qg2 Rd8 21. Qxe4+ Kf8 22. Qg2 Qxf5 23. Rxf5 Rh6 24. Qxb7 Kg8 25. Qxa7 Rh7 26. Qa3 Rf7 27. Qb3 Kg7 28. Qe6 g4 29. b4 Rg8 30. Rxd3 Kf8 31. Rd8+ Kg7 32. Rxg8+ Kxg8 33. Rxf6 Kg7 34. Qxf7+ Kh8 35. Rh6# 1-0

[Event "Junior Online 4NCL Division 3"]
[Site "online"]
[Date "2021.04.01"]
[EventDate "2021.04.01"]
[Round "6.98"]
[White "Kulkarni, Arnav"]
[WhiteElo "1033"]
[WhiteTeam "St John's College C"]
[Black "Gadhia, Sai"]
[BlackElo "674"]
[BlackTeam "Leicestershire Juniors 5"]
[Result "1-0"]
[PlyCount "45"]

1. e4 d5 2. exd5 c6 3. Nc3 cxd5 4. d4 Qa5 5. Nf3 Bf5 6. Bb5+ Kd8 7. Bd3 Bxd3 8. Qxd3 Nc6 9. Bd2 Nb4 10. Qf5 Nh6 11. Bxh6 gxh6 12. O-O-O Rc8 13. a3 Rg8 14. axb4 e6 15. bxa5 h5 16. Qf6+ Be7 17. Qxf7 Bg5+ 18. Nxg5 Rc4 19. Qxg8+ Ke7 20. Qf7+ Kd6 21. Qxe6+ Kc7 22. Nb5+ Kd8 23. Nf7# 1-0

[Event "Junior Online 4NCL Division 3"]
[Site "online"]
[Date "2021.04.01"]
[EventDate "2021.04.01"]
[Round "6.101"]
[White "Nagar, Nikunj"]
[WhiteElo "658"]
[WhiteTeam "East Kilbride Bishops"]
[Black "Patel, Ishaan"]
[BlackElo "1467"]
[BlackTeam "The Hall 1"]
[Result "0-1"]
[PlyCount "108"]

1. e4 e5 2. Nf3 Nc6 3. Nc3 Nf6 4. Bc4 Bc5 5. d3 d6 6. Be3 Bb6 7. Qd2 Be6 8. Nd5 Bxd5 9. exd5 Ne7 10. Bb5+ c6 11. dxc6 bxc6 12. Bxb6 axb6 13. Bc4 d5 14. Bb3 O-O 15. O-O-O c5 16. Nxe5 Ng6 17. Nxg6 fxg6 18. c4 d4 19. Rde1 Qc7 20. g3 Qa7 21. Re2 Qa6 22. Rhe1 Nd7 23. a3 Nb8 24. Re8 Nc6 25. Rxa8 Rxa8 26. Re2 Na5 27. Ba4 Rb8 28. Qe1 Qa8 29. Re8+ Rxe8 30. Bxe8 Qd8 31. Qe6+ Kh8 32. Qd7 Qg5+ 33. f4 Qf6 34. Qb5 Qe7 35. Qxb6 Qe1+ 36. Kc2 Qe2+ 37. Kb1 Qxd3+ 38. Ka2 Qxc4+ 39. b3 Qc2+ 40. Ka1 Nxb3+ 41. Qxb3 Qxb3 42. a4 Qb8 43. a5 Qxe8 44. a6 Qa4+ 45. Kb1 Qxa6 46. Kb2 Qe2+ 47. Ka1 Qxh2 48. Kb1 Qxg3 49. Ka1 Qg2 50. Kb1 h5 51. Ka1 h4 52. Kb1 h3 53. Kc1 h2 54. Kb1 h1=R# 0-1